Molluscan Radiation : Lesser-Known Branches /

Volume 42 is a thematic volume with reviews on the biology of four major molluscs. Advances in Marine Biology was first published in 1963. Now edited by A.J. Southward (Marine Biological Association, UK), P.A. Tyler (Southampton Oceanography Association, UK), C.M. Young (Harbor Branch Oceanographic...

Πλήρης περιγραφή

Λεπτομέρειες βιβλιογραφικής εγγραφής
Άλλοι συγγραφείς: Southward, Alan J. (Επιμελητής έκδοσης)
Μορφή: Ηλ. βιβλίο
Γλώσσα:English
Έκδοση: Amsterdam : Elsevier, 2002.
Σειρά:Advances in marine biology ; v. 42.
Θέματα:
Διαθέσιμο Online:Full Text via HEAL-Link
LEADER 02829nam a2200397 4500
001 ocn224901149
003 OCoLC
005 20180501121917.0
006 m o d
007 cr |||||||||||
008 060328s2002 ne a ob 001 0 eng d
040 |a AU@  |b eng  |e pn  |c AU@  |d OCLCQ  |d OPELS  |d CUS  |d OCLCF  |d OCLCQ  |e rda  |d MEU  |d GrThAP 
020 |a 0120261421  |q (electronic bk.) 
020 |a 9780120261420  |q (electronic bk.) 
035 |a (OCoLC)224901149 
050 4 |a QH91.A1  |b M65 2002eb 
082 0 4 |a 594  |2 23 
049 |a TEFA 
245 0 0 |a Molluscan Radiation :  |b Lesser-Known Branches /  |c edited by A.J. Southward [and three others]. 
264 1 |a Amsterdam :  |b Elsevier,  |c 2002. 
300 |a 1 online resource (xiii, 308 pages :  |b illustrations). 
336 |a text  |b txt  |2 rdacontent 
337 |a computer  |b c  |2 rdamedia 
338 |a online resource  |b cr  |2 rdacarrier 
490 1 |a Advances in marine biology ;  |v v. 42 
546 |a Text in English. 
504 |a Includes bibliographical references and indexes. 
520 |a Volume 42 is a thematic volume with reviews on the biology of four major molluscs. Advances in Marine Biology was first published in 1963. Now edited by A.J. Southward (Marine Biological Association, UK), P.A. Tyler (Southampton Oceanography Association, UK), C.M. Young (Harbor Branch Oceanographic Institution, USA) and L.A. Fuiman (University of Texas, USA), the serial publishes in-depth and up-to-date reviews on a wide range of topics which will appeal to postgraduates and researchers in marine biology, fisheries science, ecology, zoology, oceanography. Eclectic volumes in the series are supplemented by thematic volumes on such topics as The Biology of Calanoid Copepods. Advances in Marine Biology is now No. 1 in the highly competitive category of Marine & Freshwater Biology. The 2000 journals citation report from the Institute for Scientific Information shows that Advances in Marine Biology has an Impact Factor of 3.37, the highest in the field. Key Features * AMB first published 1963 * This volume presnts a selection of reviews on the biology of lesser-known taxa of the phylum Mollusca, including: * The mostly diminutive protobranch bivalves * The slug-like shelled opisthobranchs * The highly specialized and evolutionarily advanced * Tusk shells * The beautiful, priceless, yet frustratingly hard-to-collect slit shells. 
588 0 |a Print version record. 
650 0 |a Mollusks. 
650 7 |a Mollusks.  |2 fast  |0 (OCoLC)fst01024905 
655 4 |a Electronic books. 
700 1 |a Southward, Alan J.,  |e editor. 
776 0 8 |i Print version:  |t Molluscan radiation.  |d San Diego : Academic Press, ©2002  |z 0120261421  |w (OCoLC)50140661 
830 0 |a Advances in marine biology ;  |v v. 42. 
856 4 0 |u https://www.sciencedirect.com/science/bookseries/00652881/42  |z Full Text via HEAL-Link